000 00740nam a2200253Ia 4500
003 OSt
005 20221005090334.0
006 a|||||r|||| 00| 0
007 ta
008 221004b |||||||| |||| 00| 0 eng d
024 _a46886
037 _cTextual
040 _aCRL
_cCRL
_beng
041 _2eng
_aeng
082 _aN051:C, F1 under size
100 _aCarpenter Rhyst
_9615184
245 0 _aEsthetic basis of Greek art of the fifth and fourth centuries B. C.
260 _aNew York
_bLongmans USA
_c1921
300 _a263p
_ccm.
490 _a(Bryn Mawrnote and monographs, 1 ) .
650 _aARTS
942 _hN051:C, F1 under size
_cTEXL
_2cc
999 _c995640
_d995640